书目信息 |
| 题名: |
矛盾与悖论新论
|
|
| 作者: | 张建军 , 黄展骥 著 | |
| 分册: | ||
| 出版信息: | 石家庄 河北教育出版社 1998.04 |
|
| 页数: | 414页 | |
| 开本: | 20cm | |
| 丛书名: | ||
| 单 册: | ||
| 中图分类: | B024 | |
| 科图分类: | ||
| 主题词: | 辩证唯物主义--bian zheng wei wu zhu yi | |
| 电子资源: | ||
| ISBN: | 7-5434-3178-5 | |
| 000 | 00986nam0 2200229 450 | |
| 001 | 012008410108 | |
| 005 | 20080424152444.18 | |
| 010 | @a7-5434-3178-5@dCNY18.60 | |
| 100 | @a20080423d1998 km y0chiy0120 ea | |
| 101 | 0 | @achi |
| 102 | @aCN@b130000 | |
| 105 | @ay z 000zy | |
| 200 | 1 | @a矛盾与悖论新论@Amao dun yu bei lun xin lun@f张建军, 黄展骥著@Fzhang jian jun,huang zhan ji zhu |
| 210 | @a石家庄@c河北教育出版社@d1998.04 | |
| 215 | @a414页@d20cm | |
| 330 | @a本书采用“共同商定主题,各选自己文章,文责自负”的合作方式。实践证明,这是学术观点同异互见的学者可以采用的一种有效的合作方式。我们认为,“开放、客观、求真”是大陆与港台学人之间开展学术交流所应共同秉持的学术精神。在香港回归祖国的新的历史条件下,更应加强交流与沟通,共同促进祖国的学术繁荣。 | |
| 606 | 0 | @a辩证唯物主义@Abian zheng wei wu zhu yi |
| 690 | @aB024@v4 | |
| 701 | 0 | @a张建军@Azhang jian jun@4著 |
| 701 | 0 | @a黄展骥@Ahuang zhan ji@4著 |
| 801 | 0 | @aCN@bQSSK@c20080424 |
| 905 | @b20702579-81@dB024@eZ122@f3 | |
| 矛盾与悖论新论/张建军, 黄展骥著.-石家庄:河北教育出版社,1998.04 |
| 414页;20cm |
| ISBN 7-5434-3178-5:CNY18.60 |
| 本书采用“共同商定主题,各选自己文章,文责自负”的合作方式。实践证明,这是学术观点同异互见的学者可以采用的一种有效的合作方式。我们认为,“开放、客观、求真”是大陆与港台学人之间开展学术交流所应共同秉持的学术精神。在香港回归祖国的新的历史条件下,更应加强交流与沟通,共同促进祖国的学术繁荣。 |
| ● |
| 相关链接 |
|
|
|
正题名:矛盾与悖论新论
索取号:B024/Z122
 
预约/预借
| 序号 | 登录号 | 条形码 | 馆藏地/架位号 | 状态 | 备注 |
| 1 | 702579 | 207025798 | 社科库509/509社科库 7排2列6层/ [索取号:B024/Z122] | 在馆 | |
| 2 | 702580 | 207025805 | 社科库509/509社科库 7排2列6层/ [索取号:B024/Z122] | 在馆 | |
| 3 | 702581 | 207025814 | 社科库509/509社科库 7排2列6层/ [索取号:B024/Z122] | 在馆 |